| 000 | 01180nas a2200385 4500 | ||
|---|---|---|---|
| 001 | BR2016000777 | ||
| 003 | BR-BrBNA | ||
| 005 | 20231205130136.0 | ||
| 007 | ta | ||
| 008 | 230509b bl.|||p| |||| 00| 00por d | ||
| 040 |
_aBR-BrBNA _bpor _cBiblioteca Nacional de Agricultura |
||
| 041 | _a(En) | ||
| 072 | _aF60 | ||
| 100 | 1 | _aMendonça, L.S. de | |
| 100 | 1 | _aMendonça, F.M.R. de | |
| 100 | 1 | _aAraújo, Y.L.F.M. de | |
| 100 | 1 | _aAraújo, E.D. de | |
| 100 | 1 | _aRamalho, S.A. | |
| 100 | 1 | _aNarain, N. | |
| 100 | 1 | _aJain, S. | |
| 100 | 1 | _aOrellana, S.C. | |
| 100 | 1 | _aPadilha, F.F. | |
| 100 | 1 | _aCardoso, J.C. | |
| 245 | 1 | _aChemical markers and antifungal activity of red propolis from Sergipe, Brazil | |
| 650 | _aPROPOLIS | ||
| 650 | _aFLAVONOIDE | ||
| 650 | _aPROPRIEDADE FISICO-QUIMICA | ||
| 650 | _aCROMATOGRAFIA | ||
| 650 | _aVARIACAO SAZONAL | ||
| 650 | _aCOMPOSICAO QUIMICA | ||
| 773 | 0 |
_tFood Science and Technology (Brazil) _xISSN 1678-457X _g(Apr-Jun 2015), v. 35(2) p. 291-298 _wBR2016000777 |
|
| 856 | 4 | 0 | _uhttp://www.scielo.br/pdf/cta/v35n2/0101-2061-cta-35-2-291.pdf |
| 909 |
_a202311 _bLúcia _c55 _dLúcia Elande |
||
| 942 |
_2AGRIS _n0 _cANA |
||
| 999 |
_c248022 _d248022 |
||